000 00386nam a22001337a 4500
005 20250603174542.0
008 250603b |||||||| |||| 00| 0 eng d
050 _aBV 2300
_bMUG
100 _aMUGGERIDGE, MALCOM
245 _aSOMETHING BEAUTIFUL FOR GOD
_cMALCOLM MUGGERIDGE
260 _aLONDON
_bWILLIAM COLLINS SONS & CO
_cc1972
300 _a156p.;
_bills, pictures
942 _2lcc
_cBK
_n0
999 _c6237
_d6237